| 000 | 00443nam a22001817a 4500 | ||
|---|---|---|---|
| 003 | MPLRDC | ||
| 005 | 20220104114433.0 | ||
| 008 | 210129b ||||| |||| 00| 0 eng d | ||
| 020 | _a7-5347-3296-4 | ||
| 082 | _a684 LJ | ||
| 100 | _a李军主编 | ||
| 245 |
_a世界文化与自然遗产 _c |
||
| 250 | _a一版一刷 | ||
| 260 |
_a中国 _b大象出版社 _c2004 |
||
| 300 | _b399 | ||
| 650 | _a名胜古迹--世界 | ||
| 942 |
_cBK _o684 LJ |
||
| 999 |
_c7464 _d7454 |
||